Online
Catalog

Combate en la noche / (Record no. 1420)

MARC details
000 -CABECERA
campo de control de longitud fija 00814cam a22002417a 4500
001 - NÚMERO DE CONTROL
campo de control 000001516
005 - FECHA Y HORA DE LA ÚLTIMA TRANSACCIÓN
campo de control 20200929145614.0
008 - DATOS DE LONGITUD FIJA--INFORMACIÓN GENERAL
campo de control de longitud fija 970623s1961 sp 000 0 spa
020 ## - NÚMERO INTERNACIONAL ESTÁNDAR DEL LIBRO
Número Internacional Estándar del Libro 8429741518
040 ## - FUENTE DE LA CATALOGACIÓN
Centro catalogador/agencia de origen DO-SdBNP
Lengua de catalogación spa
Centro/agencia transcriptor BNPHU
082 ## - NÚMERO DE LA CLASIFICACIÓN DECIMAL DEWEY
Número de clasificación 863.6
Número de documento/Ítem E775c
100 1# - ENTRADA PRINCIPAL--NOMBRE DE PERSONA
Nombre de persona Espinas, Josep María,
Fechas asociadas al nombre 1927-
9 (RLIN) 5002
240 10 - TÍTULO UNIFORME
Título uniforme Combat De Nit
Lenguaje de la obra Español
245 10 - MENCIÓN DE TÍTULO
Título Combate en la noche /
Mención de responsabilidad, etc. Josep María Espinas; traducción, Enrique Badosa.
260 ## - PUBLICACIÓN, DISTRIBUCIÓN, ETC.
Lugar de publicación, distribución, etc. Barcelona :
Nombre del editor, distribuidor, etc. Ediciones Destino,
Fecha de publicación, distribución, etc. 1961.
300 ## - DESCRIPCIÓN FÍSICA
Extensión 183 p. ;
Dimensiones 19 cm.10.
490 1# - MENCIÓN DE SERIE
Mención de serie Áncora y Delfín ;
Designación de volumen o secuencia 210
650 #4 - PUNTO DE ACCESO ADICIONAL DE MATERIA--TÉRMINO DE MATERIA
Término de materia o nombre geográfico como elemento de entrada Novela española
9 (RLIN) 1123
650 #4 - PUNTO DE ACCESO ADICIONAL DE MATERIA--TÉRMINO DE MATERIA
Término de materia o nombre geográfico como elemento de entrada Choferes de camiones
Subdivisión de forma NOVELA
9 (RLIN) 5003
650 #4 - PUNTO DE ACCESO ADICIONAL DE MATERIA--TÉRMINO DE MATERIA
Término de materia o nombre geográfico como elemento de entrada Accidentes
Subdivisión general Aspectors jurídicos
Subdivisión de forma NOVELA
9 (RLIN) 5004
700 1# - PUNTO DE ACCESO ADICIONAL--NOMBRE DE PERSONA
Nombre de persona Badosa, Enrique ;
Término indicativo de función/relación Traductor
9 (RLIN) 5005
830 #0 - PUNTO DE ACCESO ADICIONAL DE SERIE-TÍTULO UNIFORME
Título uniforme Ancora y delfín ;
Número de parte o sección de la obra 210
9 (RLIN) 5006
Holdings
Estado de retiro Estado de pérdida Restricciones de uso No para préstamo Código de colección Localización permanente Ubicación/localización actual Ubicación en estantería Fecha de adquisición Número de inventario Total de préstamos Signatura topográfica completa Código de barras Fecha visto por última vez Precio válido a partir de Tipo de ítem Koha Número de copia
      Excluido de préstamo Monografías: Libros y Folletos General General Depósito 04.09.2009 LF1   863.6 E775c 1516-10 25.06.2020 25.06.2020 No se presta  
      Excluido de préstamo Monografías: Libros y Folletos General General Depósito 02.06.2017 LF1   863.6 E775c 1516-20 25.06.2020 25.06.2020 No se presta e. 2

Powered by Koha